000 00502nam a2200145 4500
999 _c7521
_d7521
008 170929b xxu||||| |||| 00| 0 eng d
022 _a01181831
082 _aDPer 613.05 H34 Jul-Nov 2013
245 _aHerbs for life:
_bherbal medicine yields not only natural health, but also national pride.
260 _aPhilippines:
_bMIMS Pte Ltd KDN,
_c©2013.
300 _apages 56-57:
_billustrations;
_c28 cm.
500 _aHealth today
650 0 _922805
_aHerbs
_xTherapeutic use.
942 _2ddc
_cPER